| 000 | 00500nam a22001457a 4500 | ||
|---|---|---|---|
| 082 | _aBEE-2 ABD | ||
| 100 |
_aAbdullah Khan Chaudhry _993398 |
||
| 245 | _aClinical monitoring of non-ICU patients using wireless sensor networks | ||
| 260 |
_aIslamabad _bNUST-SEECS _c2014 |
||
| 300 |
_a64 _b25cm |
||
| 500 | _aSupervisors: Dr. Adnan Khalid Kiyani, Dr. Adeel Baig | ||
| 700 |
_aAbdul Saboor, Raja Haseeb Javed _993399 |
||
| 856 | _uhttp://10.250.8.41:8080/xmlui/handle/123456789/29706 | ||
| 942 |
_cPR _2ddc |
||
| 999 |
_c13056 _d13056 |
||